000 01799nam0a2200421 4500
001 RU\NLR\bibl\1297137
005 20260405165738.0
010 _a978-5-7325-0893-2
_950
021 _aRU
_b2008-55492
_93079
035 _a(nilc)RSL-KNO-004089321
035 _a(NLR Aleph) 001282754
090 _a509527
_c509527
100 _a20080908d2008 |||y0rusy50 ca
101 0 _arus
102 _aRU
105 _aa z |||||
200 1 _aИнтегральная медицина
_eосновы теории клинической патологии и лечения
_fВ. А. Марченко
210 _aСанкт-Петербург
_cПолитехника
_d2008
215 _a281, [2] с.
_cил.
_d21
300 _aВ конце кн. авт.: В.А. Марченко, проф., д.филос.н.
320 _aБиблиогр.: с. 265-282 (338 назв.)
606 1 _aТерапия
_9963057
_3RU\NLR\auth\6641043
606 1 _aИнтегральная медицина
_92070535
_3RU\NLR\auth\661245258
606 1 _aПатология
_9996871
_3RU\NLR\auth\6659613
610 0 _aЗдравоохранение. Медицинские науки -- Практические руководства. Методические рекомендации
610 0 _aинтегральная медицина
686 _aР.я81
_2rubbk
686 _aР25
686 _aР35
686 _aР.в011.2
700 1 _4070
_8rus
_7ca
_aМарченко
_bВ. А.
_cканд. мед. наук, д-р филос. наук
_gВасилий Алексеевич
_3RU\NLR\auth\7771623
_954551
801 0 _aRU
_bРКП
_c20080908
_grcr
801 1 _aRU
_bРГБ
_c20080908
801 2 _aRU
_bNLR
_c20081121
_grcr
830 _aавт. по кн.
942 _cBOOK
980 _aNB